Central Library OPAC University of Rajshahi

Study guide to accompany Gillespie, Humphreys, Baird, and Robinson Chemistry / (Record no. 72849)

MARC details
000 -LEADER
fixed length control field 00741nam a2200241 a 4500
001 - CONTROL NUMBER
control field 72849
003 - CONTROL NUMBER IDENTIFIER
rucl marc code BD-RjUL
005 - DATE AND TIME OF LATEST TRANSACTION
control field 20211209082321.0
008 - FIXED-LENGTH DATA ELEMENTS--GENERAL INFORMATION
fixed length control field 170524s1986 enk||||| |||| 00| 0 eng d
020 ## - INTERNATIONAL STANDARD BOOK NUMBER
International Standard Book Number 0205084184
035 ## - SYSTEM CONTROL NUMBER
System control number (BD-RjUL)73067
040 ## - CATALOGING SOURCE
Original cataloging agency BD-RjUL
Language of cataloging eng
Transcribing agency BD-RjUL
Modifying agency BD-RjUL
041 ## - LANGUAGE CODE
Language code of text/sound track or separate title eng
082 ## - DEWEY DECIMAL CLASSIFICATION NUMBER
Edition number 23
Classification number 540
Author mark and year LAS 1986
100 10 - MAIN ENTRY--PERSONAL NAME
Personal name Laposa, Joseph D
9 (RLIN) 215474
245 10 - TITLE STATEMENT
Title Study guide to accompany Gillespie, Humphreys, Baird, and Robinson Chemistry /
Statement of responsibility, etc. Joseph D Laposa; E A Robinson and N Colin Baird
260 ## - PUBLICATION, DISTRIBUTION, ETC. (IMPRINT)
Place of publication, distribution, etc. London :
Name of publisher, distributor, etc. Allyn and Bacon,
Date of publication, distribution, etc. c1986.
300 ## - PHYSICAL DESCRIPTION
Pagination 191 p. ;
Size 23 cm.
650 ## - SUBJECT ADDED ENTRY--TOPICAL TERM
Topical term or geographic name as entry element Chemistry
9 (RLIN) 215475
700 ## - ADDED ENTRY--PERSONAL NAME
Personal name Robinson, E A
Personal name Baird, N Colin
942 ## - ADDED ENTRY ELEMENTS (KOHA)
Source of classification or shelving scheme Dewey Decimal Classification
Koha item type Books
Holdings
Lost status Source of classification or shelving scheme Damaged status Not for loan Collection code Permanent Location Current Location Shelving location Date acquired Source of acquisition Total Checkouts Full call number Date last seen Copy number Koha item type
  Dewey Decimal Classification   Not For Loan Non-fiction Central Library, University of Rajshahi Central Library, University of Rajshahi Reading Room 06/09/1990 Canada   540 LAS 1986 24/05/2017 C-1 Books
  Dewey Decimal Classification     Non-fiction Central Library, University of Rajshahi Central Library, University of Rajshahi   06/09/1990 Canadian Govt   540 LAS 1986 12/11/2018 C-2 Books